|
|
|
|
| LEADER |
00000cam a22000004a 4500 |
| 001 |
musev2_22748 |
| 003 |
MdBmJHUP |
| 005 |
20230905042424.0 |
| 006 |
m o d |
| 007 |
cr||||||||nn|n |
| 008 |
130214s20132013inu o 00 0 eng d |
| 020 |
|
|
|a 9780268080747
|
| 020 |
|
|
|z 9780268206697
|
| 020 |
|
|
|z 9780268029852
|
| 035 |
|
|
|a (OCoLC)859687879
|
| 040 |
|
|
|a MdBmJHUP
|c MdBmJHUP
|
| 100 |
1 |
|
|a Gomez Mera, Maria Laura,
|d 1975-
|e autor.
|
| 245 |
1 |
0 |
|a Power and Regionalism in Latin America :
|b The Politics of MERCOSUR /
|c Laura Gomez-Mera.
|
| 264 |
|
1 |
|a Notre Dame, Indiana :
|b University of Notre Dame Press,
|c [2013]
|
| 264 |
|
3 |
|a Baltimore, Md. :
|b Project MUSE,
|c 2013
|
| 264 |
|
4 |
|c ©[2013]
|
| 300 |
|
|
|a 1 online resource (304 pages):
|b ilustraciones.
|
| 336 |
|
|
|a text
|b txt
|2 rdacontent
|
| 337 |
|
|
|a computer
|b c
|2 rdamedia
|
| 338 |
|
|
|a online resource
|b cr
|2 rdacarrier
|
| 490 |
0 |
|
|a From the Helen Kellogg Institute for International Studies
|
| 588 |
|
|
|a Description based on print version record.
|
| 610 |
2 |
7 |
|a MERCOSUR (Organization)
|2 fast
|0 (OCoLC)fst00677475
|
| 610 |
2 |
0 |
|a MERCOSUR (Organization)
|
| 651 |
|
7 |
|a South America
|z Southern Cone of South America.
|2 fast
|0 (OCoLC)fst01244542
|
| 651 |
|
7 |
|a South America.
|2 fast
|0 (OCoLC)fst01244515
|
| 651 |
|
6 |
|a Amerique du Sud
|x Integration economique.
|
| 651 |
|
0 |
|a Southern Cone of South America
|x Economic integration.
|
| 651 |
|
0 |
|a South America
|x Economic integration.
|
| 650 |
|
7 |
|a International economic integration.
|2 fast
|0 (OCoLC)fst00976879
|
| 655 |
|
7 |
|a Electronic books.
|2 local
|
| 710 |
2 |
|
|a Project Muse.
|
| 710 |
2 |
|
|a Project Muse.
|e distributor
|
| 830 |
|
0 |
|a Book collections on Project MUSE.
|
| 856 |
4 |
0 |
|z Texto completo
|u https://projectmuse.uam.elogim.com/book/22748/
|
| 945 |
|
|
|a Project MUSE - Custom Collection
|
| 945 |
|
|
|a Project MUSE - 2013 Political Science and Policy Studies
|
| 945 |
|
|
|a Project MUSE - 2013 Latin American and Caribbean Studies
|
| 945 |
|
|
|a Project MUSE - 2013 Complete
|